000 00443nam a2200181Ia 4500
001 4861
005 20260306145825.0
008 260306t2000||||xx |||||||||||||| ||spa||
041 _aESP
082 _a330.985
_bE77
100 _aEscobal, Javier
_eAUT
245 0 _aBalance de la investigación económica en el Perú
260 _c2000
300 _a157 páginas :
_c20 cm.
650 _aGEN
654 _aCAN
942 _cLIB
_dJUS
_fJUS
_2ddc
_n
999 _c4861
_d4861